000 00426cam a22001457a 4500
008 180718b1993 xxu||||| |||| 00| 0 eng d
020 _a0415088526
082 _aB136x 62 W546
100 _aWeyland, Petra
245 _aInside the third world village
_cby Petra Weyland
260 _aLondon
_bRoutledge
_c1993
300 _a257p.
650 _aAlien labor, Egyptian - Persian gulf region.
650 _aEgypt - Rural conditions
999 _c359944
_d359944